000 00805nas a2200253 4500
001 BR2011005676
003 BR-BrBNA
005 20231205115625.0
007 ta
008 230509b bl.|||p| |||| 00| 00por d
040 _aBR-BrBNA
_bpor
_cBiblioteca Nacional de Agricultura
041 _a(Pt)
072 _aP33; P34; P35
100 1 _aRabah, F.A.
100 1 _aGabriel, L.R.A.
245 1 _aDependência espacial de atributos do solo obtidos por meio de semivariogramas e autocorrelogramas
650 _aFISIOGRAFIA
650 _aQUÍMICA DO SOLO
650 _aFERTILIDADE DO SOLO
650 _aANÁLISE ESTATÍSTICA
773 0 _tEnergia na Agricultura (Brazil)
_xISSN 1808-8759
_g(2009), v. 24(2) p. 77-91
_wBR2011005676
909 _a202311
_bLúcia
_c55
_dLúcia Elande
942 _2AGRIS
_n0
_cANA
999 _c214864
_d214864